| 000 | 00465pab a2200169 454500 | ||
|---|---|---|---|
| 008 | 180718b2005 xxu||||| |||| 00| 0 eng d | ||
| 100 | _aBrar, Amritbir Kaur | ||
| 245 | _aTransportation culture and policies in the US | ||
| 260 | _c2005 | ||
| 300 | _ap.733-36. | ||
| 362 | _a19 Feb | ||
| 650 | _aCulture - United States | ||
| 650 | _aTransport policy - United States | ||
| 650 | _aTransport policy | ||
| 773 | _aEconomic and Political Weekly | ||
| 909 | _a64301 | ||
| 999 |
_c64301 _d64301 |
||